00869nam a2200169Ia 4500001001000000003000500010008004100015010001100056040000900067100003200076245022800108260003700336300001000373502010000383650013000483710008600613Para_2518CHAP220125s1990 xx 000 0 und d a201033 cCHAP aCortez Madrigal, Hipólito aIntroducción, cría y evaluación en campo de Copidosoma desantis (Hym :b Encyrtidae) parasitoide exótico de Phthorimaea operculella. (Lep :b Gelechidae), en León, Gto. México /c por Hipólito Cortez Madrigal aMontecillo, Méx. :b El autor a72 h. aTesis (M.C. Esp. en Entomología y Acarología) -- CP. Centro de Entomología y Acarología aControl biológico de plagas Gnorimoschema operculella Papa x Plagas Gelechiidae Control de plagas Copidosoma desantis aColegio de Postgraduados. Chapingo, Méx. Centro de Entomología y Acarología